00510nmm a2200181Ia 4500008004100000041000800041100002300049245002500072264005000097300001700147490001400164650002800178700002300206700002400229856005100253942000700304999001700311251105s9999||||xx |||||||||||||||||und|| apor aFernández, Nacho 0aOs desertos do norte a[Madrid, España] :bEditorial Saure, c2010 a49 páginas aEl chullo aGraphic novels (Comics) aFernández, Nacho1 a Rodríguez, Txani uhttps://public.digitaliapublishing.com/a/60277 cCF c65392d65392